000 00560nam a22001934a 4500
001 BIBLIOTECA MUNICIPAL DE BARRANCO
007 ta
008 t pe gr 00| 0 spa d
040 _aBIBLIOTECA MUNICIPAL DE BARRANCO
041 _aspa
043 _cpe
082 _2869.813
_bB39A 1990.
100 _aZola C. BERRETA GALLI (1908-1983) (autor)
245 _aEl acertijo /
_cZola C. BERRETA GALLI (1908-1983)
250 _a1a ed.
260 _aMontevideo :
_b[S.N.],
_c1990.
300 _a72 9.
_c20 cm.
942 _cBK
_e2025-08-29
_zAAOH
999 _c10968
_d10968